Bild nach Buchstabe P - Statistiken

Allgemein
  • Dieses Quiz wurde 98 mal gespielt
  • Das Durchschnittsergebnis liegt bei 7 aus 16
Antwortstatistiken
Bildquiz Antwort % Korrekt
Papst
96%
Peru
84%
Peter Pan
82%
Paraguay
72%
Pluto
72%
Parallelogramm
67%
Perisic
49%
Puerto Rico
47%
Petronas Towers
31%
Paraglider
29%
Pam
27%
Palma
17%
Patagonien
17%
Persisches Reich
16%
Petersfisch
5%
Portugiesisches Reich
5%
Keine übereinstimmenden Quizze gefunden
Verteilung der Resultate
Anzahl Personen mit jedem Resultat
Perzentil nach korrekt beantworteten Fragen
Ihre Resultats-Entwicklung
Sie haben dieses Quiz noch nicht gespielt